FIFA World Cup- USMNT Opponents - Statistics

General Stats
  • This quiz has been taken 12 times
  • The average score is 31 of 40
Answer Stats
Year Stage Result Opponent % Correct
1950 Group Stage 1-0 England
100%
2010 Group Stage 1-1 England
100%
2022 Group Stage 0-0 England
100%
1998 Group Stage 0-2 Germany
100%
2002 Quarter-finals 0-1 Germany
100%
2014 Group Stage 0-1 Germany
100%
2002 Round of 16 2-0 Mexico
100%
2022 Round of 16 1-3 Netherlands
100%
2026 Group Stage TBD Australia
92%
1930 Group Stage 3-0 Belgium
92%
2014 Round of 16 1-2 Belgium
92%
1998 Group Stage 1-2 Iran
92%
2022 Group Stage 1-0 Iran
92%
1930 Group Stage 3-0 Paraguay
92%
2026 Group Stage TBD Paraguay
92%
2026 Group Stage TBD Turkey
92%
2010 Group Stage 1-0 Algeria
83%
1930 Semi-finals 1-6 Argentina
83%
1994 Round of 16 0-1 Brazil
83%
1934 Round of 16 1-7 Italy
83%
1990 Group Stage 0-1 Italy
83%
2006 Group Stage 1-1 Italy
83%
2022 Group Stage 1-1 Wales
83%
2006 Group Stage 1-2 Ghana
75%
2010 Round of 16 1-2 Ghana
75%
2014 Group Stage 2-1 Ghana
75%
2002 Group Stage 3-2 Portugal
75%
2014 Group Stage 2-2 Portugal
75%
2002 Group Stage 1-1 South Korea
75%
1950 Group Stage 1-3 Spain
75%
1994 Group Stage 2-1 Colombia
67%
2002 Group Stage 1-3 Poland
58%
2010 Group Stage 2-2 Slovenia
58%
1994 Group Stage 1-1 Switzerland
58%
1950 Group Stage 2-5 Chile
50%
1990 Group Stage 1-5 Czechoslovakia
42%
1994 Group Stage 0-1 Romania
42%
1998 Group Stage 0-1 Yugoslavia
42%
1990 Group Stage 1-2 Austria
33%
2006 Group Stage 0-3 Czech Republic
25%
No matching quizzes found
Score Distribution
Percent of People with Each Score
Percentile by Number Answered
Your Score History
You have not taken this quiz